History Quiz

Random History or Country Quiz

U.S. Sec. of State First Foreign Trips, 1977-2014 Quiz Stats

 Plays Quiz not verified by Sporcle

Challenge
Share
Tweet
Embed
Score 0/55 Timer 05:00
0 Plays Today
Secretary of State Country % Correct
George Shultz (1982-1989)Mexico
96.5%
Colin Powell (2001-2005)Mexico
96.5%
James Baker (1989-1992)United Kingdom
95.6%
Madeleine Albright (1997-2001)United Kingdom
95.6%
Condoleeza Rice (2005-2009)United Kingdom
95.6%
John Kerry (2013-)United Kingdom
95.6%
Madeleine Albright (1997-2001)Germany
94.7%
Condoleeza Rice (2005-2009)Germany
94.7%
John Kerry (2013-)Germany
94.7%
Alexander Haig (1981-1982)Canada
93.8%
George Shultz (1982-1989)Canada
93.8%
George Shultz (1982-1989)Canada
93.8%
James Baker (1989-1992)Canada
93.8%
Madeleine Albright (1997-2001)France
91.2%
John Kerry (2013-)France
91.2%
Hillary Clinton (2009-2013)China
89.4%
Hillary Clinton (2009-2013)Japan
86.7%
Edmund Muskie (1980-1981)Italy
85%
Madeleine Albright (1997-2001)Italy
85%
John Kerry (2013-)Italy
85%
George Shultz (1982-1989)Brazil
83.2%
Cyrus Vance (1977-1980)Israel
82.3%
Alexander Haig (1981-1982)Israel
82.3%
Colin Powell (2001-2005)Israel
82.3%
Condoleeza Rice (2005-2009)Israel
82.3%
Hillary Clinton (2009-2013)South Korea
79.6%
Edmund Muskie (1980-1981)Turkey
75.2%
Condoleeza Rice (2005-2009)Turkey
75.2%
Secretary of State Country % Correct
John Kerry (2013-)Turkey
75.2%
Cyrus Vance (1977-1980)Egypt
69.9%
Cyrus Vance (1977-1980)Saudi Arabia
69.9%
Alexander Haig (1981-1982)Egypt
69.9%
Alexander Haig (1981-1982)Saudi Arabia
69.9%
Warren Christopher (1993-1997)Egypt
69.9%
Warren Christopher (1993-1997)Saudi Arabia
69.9%
Colin Powell (2001-2005)Egypt
69.9%
Hillary Clinton (2009-2013)Egypt
69.9%
Cyrus Vance (1977-1980)Jordan
66.4%
Alexander Haig (1981-1982)Jordan
66.4%
Warren Christopher (1993-1997)Jordan
66.4%
Colin Powell (2001-2005)Jordan
66.4%
Condoleeza Rice (2005-2009)Poland
63.7%
Edmund Muskie (1980-1981)Belgium
61.9%
Madeleine Albright (1997-2001)Belgium
61.9%
Edmund Muskie (1980-1981)Austria
57.5%
Warren Christopher (1993-1997)Syria
54.9%
Cyrus Vance (1977-1980)Lebanon
51.3%
James Baker (1989-1992)Denmark
50.4%
George Shultz (1982-1989)Colombia
46.9%
Warren Christopher (1993-1997)Kuwait
46%
Edmund Muskie (1980-1981)Vatican City
44.2%
Hillary Clinton (2009-2013)Indonesia
44.2%
James Baker (1989-1992)Iceland
39.8%
James Baker (1989-1992)Federal Republic of Germany
39.8%
Colin Powell (2001-2005)Palestine
34.5%

You're not logged in!

Compare scores with friends on all Sporcle quizzes.
Join for Free
OR
Log In

You Might Also Like...

Show Comments

Extras

Top Quizzes Today


Score Distribution

Your Account Isn't Verified!

In order to create a playlist on Sporcle, you need to verify the email address you used during registration. Go to your Sporcle Settings to finish the process.

Report this User

Report this user for behavior that violates our Community Guidelines.

Details: